| 000 | 00436cam a2200169ua 4500 | ||
|---|---|---|---|
| 020 | _c1.20 | ||
| 041 |
_amal _h |
||
| 082 |
_a894.8122 _bGOV/PU |
||
| 100 | _aGovinthapallab panthu, . | ||
| 245 |
_aPuthrabali / _cGovinthapallab panthu. _hTextual Documents |
||
| 260 |
_a : _bSaraswathi (Electric) P.T.G. and P.B.G. House , _c1949. |
||
| 300 | _a114 ; . | ||
| 365 | _a1.20 | ||
| 504 | _a | ||
| 942 | _cBK | ||
| 999 |
_c1243 _d1243 |
||